000 00563nam a2200205 a 4500
005 20240612064043.0
008 991125c1995 e.u 000 0 spa u
035 _aUPN01000039810
049 _aI
050 4 _aPZ78
_bZ5.58
100 1 _aZiegler, Sandra
245 1 4 _aLos modales /
_cil. por Kathryn Hutton
260 _aE.U.A. :
_bThe Child's World,
_c1995
300 _a31 p. :
_bil., col
440 0 _aValores para la vida
650 4 _aCortesía
_911263
650 4 _aEtiqueta
_914056
650 4 _aLibros y lectura para niños
_92290
905 _aInfantil
999 _c39810
_d39810